[Event "Titled Tuesday intern op 09th May Early"]
[Site "Chess.com INT"]
[Date "2023.05.09"]
[Round "4"]
[White "Andreev, Konstantin"]
[Black "Barillaro, Luca"]
[Result "1-0"]
[WhiteElo "2195"]
[BlackElo "2077"]
[PlyCount "89"]
[EventDate "2023.05.09"]
[EventType "swiss (blitz)"]
[EventRounds "11"]
[EventCountry "USA"]
[SourceTitle "CBM 214 Extra"]
[Source "ChessBase"]
[SourceDate "2023.07.31"]
[SourceVersion "1"]
[SourceVersionDate "2023.07.31"]
[SourceQuality "1"]

1. e4 e5 2. Nf3 Nf6 3. d4 Nxe4 4. Bd3 d5 5. Nxe5 Nd7 6. Nxd7 Bxd7 7. Nc3 Nxc3 8. bxc3 Be7 9. 0-0 0-0 10. Qh5 g6 11. Qf3 Be6 12. Bf4 Bd6 13. Bh6 Re8 14. h3 Bf8 15. Bf4 Bd6 16. Bh6 Bf8 17. Be3 Bg7 18. Rfe1 Qd7 19. Bf4 c6 20. Rab1 b6 21. h4 Bf5 22. h5 Bxd3 23. cxd3 Rxe1+ 24. Rxe1 Re8 25. Rxe8+ Qxe8 26. h6 Bf8 27. Be5 Qe6 28. Qf4 b5 29. g4 Be7 30. g5 a6 31. Bf6 Bd6 32. Qf3 Qf5 33. Qxf5 gxf5 34. Kg2 Bf4 35. Kf3 Bd2 36. Kg3 Bxc3 37. Kf4 c5 38. Kxf5 c4 39. dxc4 bxc4 40. Kf4 Kf8 41. Ke3 Ke8 42. f4 Kd7 43. f5 Ke8 44. g6 fxg6 45. fxg6 1-0

[Event "Titled Tuesday intern op 09th May Early"]
[Site "Chess.com INT"]
[Date "2023.05.09"]
[Round "3"]
[White "Barillaro, Luca"]
[Black "Levitan, Ronit"]
[Result "1-0"]
[WhiteElo "2077"]
[BlackElo "2220"]
[PlyCount "65"]
[EventDate "2023.05.09"]
[EventType "swiss (blitz)"]
[EventRounds "11"]
[EventCountry "USA"]
[SourceTitle "CBM 214 Extra"]
[Source "ChessBase"]
[SourceDate "2023.07.31"]
[SourceVersion "1"]
[SourceVersionDate "2023.07.31"]
[SourceQuality "1"]

1. c3 d5 2. Nf3 c5 3. g3 Nf6 4. d4 e6 5. Bg2 Nc6 6. 0-0 Bd6 7. Bf4 0-0 8. Bxd6 Qxd6 9. e3 e5 10. dxe5 Nxe5 11. Nbd2 Bg4 12. h3 Bxf3 13. Nxf3 Nxf3+ 14. Bxf3 Rfd8 15. Qe2 Ne4 16. Rad1 Qb6 17. Kg2 Rac8 18. Bg4 Rc7 19. f3 Nf6 20. Bf5 g6 21. Bb1 c4 22. Rd4 Re7 23. Qf2 Rde8 24. Re1 a5 25. g4 a4 26. a3 Nd7 27. e4 Nc5 28. Red1 dxe4 29. Bxe4 Nxe4 30. Rxe4 Rxe4 31. Qxb6 Re2+ 32. Kf1 Rc2 33. Rd8 1-0

[Event "Reykjavik op"]
[Site "Reykjavik"]
[Date "2017.04.21"]
[Round "4"]
[White "Barillaro, Luca"]
[Black "Soumya, Swaminathan"]
[Result "0-1"]
[WhiteElo "2164"]
[BlackElo "2349"]
[PlyCount "84"]
[EventDate "2017.04.19"]
[EventType "swiss"]
[EventRounds "10"]
[EventCountry "ISL"]
[SourceTitle "CBM 178 Extra"]
[Source "ChessBase"]
[SourceDate "2017.06.22"]
[SourceVersion "1"]
[SourceVersionDate "2017.06.22"]
[SourceQuality "1"]

1. c4 c5 2. g3 g6 3. Bg2 Bg7 4. Nc3 Nc6 5. Nf3 e6 6. d3 Nge7 7. Bf4 d5 8. cxd5 exd5 9. 0-0 0-0 10. Rc1 b6 11. h3 Bb7 12. Re1 Qd7 13. Qd2 d4 14. Nb1 Rfe8 15. Na3 Nd5 16. Nc4 Nxf4 17. Qxf4 Rad8 18. Ng5 f5 19. h4 b5 20. Na3 Nb4 21. Bxb7 Qxb7 22. Qd2 Bf8 23. Ra1 Nc6 24. Nf3 c4 25. Nc2 Qd7 26. Rad1 Bg7 27. dxc4 bxc4 28. b3 c3 29. Qd3 Qd5 30. h5 a5 31. Ne3 Qc5 32. Qc4+ Qxc4 33. Nxc4 Nb4 34. hxg6 hxg6 35. Rc1 Bh6 36. a3 Bxc1 37. Rxc1 Rxe2 38. axb4 axb4 39. Kf1 d3 40. Ne3 d2 41. Ra1 Rxe3 42. fxe3 d1Q+ 0-1

[Event "ITA-chT A1.2"]
[Site "Arzignano"]
[Date "2013.03.15"]
[Round "1"]
[White "Mascellani, Marco"]
[Black "Barillaro, Luca"]
[Result "1-0"]
[WhiteElo "2276"]
[BlackElo "2179"]
[PlyCount "85"]
[EventDate "2013.03.15"]
[EventType "team"]
[EventRounds "5"]
[EventCountry "ITA"]
[SourceTitle "EXT 2014"]
[Source "ChessBase"]
[SourceDate "2013.11.20"]
[SourceVersion "1"]
[SourceVersionDate "2013.11.20"]
[SourceQuality "1"]

1. e4 e6 2. f4 d5 3. e5 c5 4. Nf3 Nc6 5. d3 b5 6. Be2 Nh6 7. 0-0 Be7 8. Be3 Bb7 9. h3 Nf5 10. Bf2 h5 11. c3 a5 12. Nbd2 a4 13. b3 Qa5 14. Rc1 Rd8 15. bxa4 bxa4 16. d4 Ra8 17. g4 hxg4 18. hxg4 Nh4 19. Bxh4 Bxh4 20. Kg2 Be7 21. Rb1 Ba6 22. Bxa6 Qxa6 23. Rb2 Qd3 24. Nb1 Qxd1 25. Rxd1 0-0 26. Kg3 g6 27. Rh1 Kg7 28. f5 exf5 29. gxf5 gxf5 30. Kf4 Rg8 31. Rb6 Na5 32. Nbd2 Rab8 33. Ra6 Ra8 34. Rb6 Rab8 35. Rhb1 Rxb6 36. Rxb6 Rc8 37. Rb5 Nc6 38. Rb6 cxd4 39. cxd4 Nxd4 40. Nxd4 Bc5 41. Nxf5+ Kf8 42. Rb5 Ba7 43. Rxd5 1-0

[Event "Reggio Emilia-B 51st"]
[Site "Reggio Emilia"]
[Date "2008.12.27"]
[Round "1"]
[White "Barillaro, Luca"]
[Black "Cocchi, Andrea"]
[Result "0-1"]
[WhiteElo "2202"]
[BlackElo "2305"]
[PlyCount "68"]
[EventDate "2008.12.27"]
[EventType "tourn"]
[EventRounds "9"]
[EventCountry "ITA"]
[EventCategory "5"]
[SourceTitle "CBM 128 Extra"]
[Source "ChessBase"]
[SourceDate "2009.03.05"]
[SourceVersion "2"]
[SourceVersionDate "2009.03.25"]
[SourceQuality "1"]

1. d4 d5 2. Nf3 Nf6 3. Bg5 e6 4. e3 Nbd7 5. Nbd2 Be7 6. Bd3 c5 7. c3 Qc7 8. 0-0 0-0 9. e4 dxe4 10. Nxe4 c4 11. Bb1 b6 12. Qe2 Bb7 13. Re1 Rfe8 14. Ned2 Bd5 15. Ne5 Nxe5 16. dxe5 Nd7 17. Bf4 b5 18. a4 bxa4 19. Rxa4 Qc6 20. Bc2 Nc5 21. Ra2 Nd3 22. Be3 Nxe1 23. Qxe1 Red8 24. f3 Bc5 25. Bxc5 Qxc5+ 26. Kh1 Rd7 27. Ne4 Qe7 28. h3 Rb8 29. Qg3 Bxe4 30. Bxe4 Rd1+ 31. Kh2 Qc5 32. Qh4 Qxe5+ 33. g3 Rd2+ 34. Kh1 f5 0-1

[Event "Bologna-ch 2nd"]
[Site "Bologna"]
[Date "2005.10.16"]
[Round "3"]
[White "Gallo, Enrico"]
[Black "Barillaro, Luca"]
[Result "0-1"]
[WhiteElo "2113"]
[BlackElo "2175"]
[PlyCount "76"]
[EventDate "2005.10.15"]
[EventType "swiss"]
[EventRounds "8"]
[EventCountry "ITA"]
[SourceTitle "EXT 2007"]
[Source "ChessBase"]
[SourceDate "2006.11.23"]
[SourceVersion "1"]
[SourceVersionDate "2006.11.23"]
[SourceQuality "1"]

1. e4 e6 2. d4 d5 3. Nd2 dxe4 4. Nxe4 Bd7 5. Nf3 Bc6 6. Bd3 Nf6 7. Neg5 h6 8. Nh3 Bxf3 9. Qxf3 c6 10. Bf4 Bd6 11. 0-0-0 Bxf4+ 12. Nxf4 Nbd7 13. h4 Qa5 14. Kb1 0-0-0 15. Rhe1 g5 16. Ne2 Qd5 17. Qh3 g4 18. Qh2 Nb6 19. b3 Qd6 20. Qxd6 Rxd6 21. c4 Rdd8 22. Kb2 Rhe8 23. Bc2 e5 24. Bf5+ Kc7 25. dxe5 Rxd1 26. Rxd1 Rxe5 27. Ng3 Nbd7 28. Rd4 h5 29. Rf4 Nc5 30. Bc2 Ncd7 31. Kc3 Kd6 32. Kb4 Ke7 33. Bf5 Nf8 34. Ne4 Nxe4 35. Rxe4 Rxe4 36. Bxe4 Kd6 37. c5+ Ke5 38. Bd3 f5 0-1

[Event "Novi Sad TS03 op"]
[Site "Novi Sad"]
[Date "2005.03.24"]
[Round "7"]
[White "Barillaro, Luca"]
[Black "Lundin, Jan"]
[Result "0-1"]
[WhiteElo "2213"]
[BlackElo "2274"]
[PlyCount "44"]
[EventDate "2005.03.19"]
[EventType "swiss"]
[EventRounds "10"]
[EventCountry "YUG"]
[SourceTitle "CBM 105 Extra"]
[Source "ChessBase"]
[SourceDate "2005.05.01"]
[SourceVersion "1"]
[SourceVersionDate "2005.05.01"]
[SourceQuality "1"]

1. c4 e6 2. Nc3 d5 3. d4 Nf6 4. Bg5 Bb4 5. e3 h6 6. Bxf6 Qxf6 7. Nf3 0-0 8. a3 Bxc3+ 9. bxc3 Nc6 10. cxd5 exd5 11. Be2 Qd6 12. 0-0 Bg4 13. h3 Bh5 14. Nd2 Bxe2 15. Qxe2 Rfe8 16. c4 Nxd4 17. Qd3 Ne6 18. cxd5 c6 19. e4 Nc5 20. Qd4 cxd5 21. Nc4 Qc7 22. exd5 Re4 0-1

[Event "Novi Sad TS03 op"]
[Site "Novi Sad"]
[Date "2005.03.20"]
[Round "2"]
[White "Dumpor, Atif"]
[Black "Barillaro, Luca"]
[Result "1-0"]
[WhiteElo "2361"]
[BlackElo "2213"]
[PlyCount "147"]
[EventDate "2005.03.19"]
[EventType "swiss"]
[EventRounds "10"]
[EventCountry "YUG"]
[SourceTitle "CBM 105 Extra"]
[Source "ChessBase"]
[SourceDate "2005.05.01"]
[SourceVersion "1"]
[SourceVersionDate "2005.05.01"]
[SourceQuality "1"]

1. Nf3 Nf6 2. c4 c6 3. b3 d5 4. Bb2 Bf5 5. d3 e6 6. g3 Be7 7. Bg2 h6 8. 0-0 0-0 9. Nbd2 Nbd7 10. a3 a5 11. Ra2 Bd6 12. Qa1 Bh7 13. Bc3 Qe7 14. b4 e5 15. cxd5 cxd5 16. bxa5 e4 17. dxe4 dxe4 18. Nd4 e3 19. Nc4 exf2+ 20. Rxf2 Ng4 21. Nf5 Bxf5 22. Rxf5 Bc5+ 23. Bd4 Qe6 24. Rd5 Bxd4+ 25. Qxd4 Rac8 26. Rc2 Ndf6 27. Rd6 Qf5 28. e4 Qc5 29. Qxc5 Rxc5 30. Ne3 Rxa5 31. Nxg4 Nxg4 32. Rc3 Rfa8 33. h3 Ne5 34. Rd5 f6 35. Rxa5 Rxa5 36. Kf2 Ra4 37. Bf1 Rxe4 38. Bg2 Ra4 39. Bxb7 Kf7 40. Bd5+ Ke7 41. Ba2 g5 42. Bb1 Kd6 43. Bh7 h5 44. Bc2 Ra5 45. Ke2 h4 46. g4 Kd5 47. a4 Rc5 48. Rxc5+ Kxc5 49. Ke3 Kd5 50. Bb3+ Kd6 51. Ke4 Nc6 52. Bd5 Ne7 53. Bb7 Kc5 54. Ba6 Kb4 55. Bb5 Kc5 56. Be2 Kb4 57. Bd1 Kc4 58. Be2+ Kb4 59. Bb5 Kc5 60. Bd7 Kb6 61. Kd4 Kc7 62. Bb5 Kb6 63. Bd3 Kc6 64. a5 Kd6 65. Be4 Nc8 66. a6 Na7 67. Kc4 Kc7 68. Kc5 Nc8 69. Bd5 Na7 70. Bb7 Nc8 71. Bxc8 Kxc8 72. Kb6 Kb8 73. a7+ Ka8 74. Ka6 1-0

[Event "Neuchatel op"]
[Site "Neuchatel"]
[Date "1994.05.??"]
[Round "?"]
[White "Ftacnik, Lubomir"]
[Black "Barillaro, Luca"]
[Result "1-0"]
[WhiteElo "2565"]
[BlackElo "2265"]
[PlyCount "71"]
[EventDate "1994.05.??"]
[EventType "swiss"]
[EventRounds "7"]
[EventCountry "SUI"]
[SourceTitle "EXT 2007"]
[Source "ChessBase"]
[SourceDate "2006.11.23"]
[SourceVersion "1"]
[SourceVersionDate "2006.11.23"]
[SourceQuality "1"]

1. d4 f5 2. Nf3 Nf6 3. g3 g6 4. Bg2 Bg7 5. b3 0-0 6. Bb2 d6 7. 0-0 c6 8. c4 a5 9. Nc3 Na6 10. Rb1 Qc7 11. d5 Bd7 12. Nd4 Nc5 13. Qd2 Rad8 14. Rfd1 e5 15. dxe6 Nxe6 16. Nxe6 Bxe6 17. Rbc1 Qe7 18. Ba3 Ne8 19. e3 Rf7 20. Na4 Qc7 21. Bc5 Rdd7 22. Bb6 Qb8 23. Bxa5 Nc7 24. Bc3 d5 25. Nc5 dxc4 26. Nxd7 Rxd7 27. Qb2 Bxc3 28. Qxc3 Rxd1+ 29. Rxd1 cxb3 30. Qf6 Bd5 31. axb3 Qf8 32. Qe5 Qg7 33. Bxd5+ Nxd5 34. Qb8+ Qf8 35. Qxb7 Qf6 36. b4 1-0

[Event "Reykjavik op"]
[Site "Reykjavik"]
[Date "1994.??.??"]
[Round "8"]
[White "Ibragimov, Ildar"]
[Black "Barillaro, Luca"]
[Result "1-0"]
[WhiteElo "2525"]
[BlackElo "2265"]
[PlyCount "85"]
[EventDate "1994.02.??"]
[EventType "swiss"]
[EventRounds "9"]
[EventCountry "ISL"]
[SourceTitle "CBM 039 Extra"]
[Source "ChessBase"]
[SourceDate "1994.05.01"]
[SourceVersion "1"]
[SourceVersionDate "1994.05.01"]
[SourceQuality "1"]

1. d4 f5 2. g3 g6 3. Bg2 Bg7 4. Nf3 Nf6 5. 0-0 0-0 6. c4 d6 7. Nc3 c6 8. d5 e5 9. dxe6 Bxe6 10. b3 Na6 11. Bb2 Qe7 12. Ng5 Rad8 13. Nxe6 Qxe6 14. Qc2 Rfe8 15. Rad1 Nc5 16. Rfe1 a5 17. e3 Nfe4 18. Re2 a4 19. Nxe4 axb3 20. axb3 Nxe4 21. Bxg7 Kxg7 22. Rd4 Re7 23. Re1 d5 24. cxd5 Rxd5 25. Rxd5 Qxd5 26. Rd1 Qe6 27. b4 Nf6 28. Qc3 Rd7 29. Rxd7+ Qxd7 30. Bf3 h6 31. h3 Kf7 32. Be2 Qd6 33. g4 fxg4 34. hxg4 Nd5 35. Bc4 Qe6 36. Qd4 Ke7 37. Kf1 Qf6 38. Qe4+ Kd6 39. Bxd5 cxd5 40. Qe8 Kc7 41. Qg8 Kc6 42. Qc8+ Kb6 43. Qc5+ 1-0

[Event "Reykjavik op"]
[Site "Reykjavik"]
[Date "1994.??.??"]
[Round "1"]
[White "Petursson, Margeir"]
[Black "Barillaro, Luca"]
[Result "1-0"]
[WhiteElo "2550"]
[BlackElo "2265"]
[PlyCount "47"]
[EventDate "1994.02.??"]
[EventType "swiss"]
[EventRounds "9"]
[EventCountry "ISL"]
[SourceTitle "CBM 039 Extra"]
[Source "ChessBase"]
[SourceDate "1994.05.01"]
[SourceVersion "1"]
[SourceVersionDate "1994.05.01"]
[SourceQuality "1"]

1. d4 f5 2. g3 Nf6 3. Bg2 g6 4. Nf3 Bg7 5. c4 d6 6. Nc3 0-0 7. 0-0 c6 8. d5 e5 9. dxe6 Bxe6 10. Qd3 Na6 11. Bf4 Re8 12. Bxd6 Ne4 13. Be5 Nac5 14. Qxd8 Raxd8 15. Bxg7 Kxg7 16. Rfc1 Nd2 17. b3 Ndxb3 18. axb3 Nxb3 19. c5 Bc4 20. e3 Nxa1 21. Rxa1 Rd3 22. Ra3 Red8 23. Nd4 a6 24. Bf1 1-0